| 000 | 01089nam a22003257a 4500 | ||
|---|---|---|---|
| 003 | CHAP | ||
| 005 | 20220817044446.0 | ||
| 008 | 110720d1975 mx a r 00010 spa d | ||
| 010 | _a101551 | ||
| 011 | _a102523 | ||
| 035 | _a113212 | ||
| 040 | _cCHAP | ||
| 082 | 0 | 4 |
_a330.9 _bP92 1975 |
| 100 | 1 |
_aPérez, Humberto. _990121 |
|
| 245 | 1 | 3 |
_aEl subdesarrollo y la vía del desarrollo _c/por Humberto Pérez |
| 250 | _a3 ed. | ||
| 260 |
_aLa Habana, Cub. : _bEditorial de Ciencias Sociales, _c1975 |
||
| 300 |
_a172 p. : _bilus., cuadros |
||
| 590 |
_aBATCH-UPD _b10 _c20130110 _lUCH01 _h1029 |
||
| 590 |
_aBATCH-UPD _b10 _c20130410 _lUCH01 _h0632 |
||
| 590 |
_aBATCH-UPD _b10 _c20130914 _lUCH01 _h1153 |
||
| 590 |
_aCONVERSION _b10 _c20130109 _lUCH01 _h1356 |
||
| 650 | 1 | 4 | _aDesarrollo económico. |
| 650 | 1 | 4 |
_aPaíses subdesarrollados _xCondiciones económicas. _985152 |
| 650 | 1 | 4 |
_aPaíses subdesarrollados _xCondiciones sociales. _985154 |
| 650 | 1 | 4 |
_aPobreza. _989463 |
| 901 | _aBK | ||
| 942 | _cLIBRO | ||
| 949 |
_a330.9 P92 1975 _bBC _cLIBRO _d33724002243983 _eLIBRO _h115267 _i113212 _sb |
||
| 999 |
_c101551 _d101551 |
||